|
|
|
|
| LEADER |
00747nab#a2200265#ar4500 |
| 001 |
000053821 |
| 003 |
SVKKK |
| 005 |
20050818102921.0 |
| 008 |
050818c2005 xo e cze |
| FMT |
|
|
|
| 038 |
|
|
|a SVKKK
|
| 040 |
|
|
|a SVKKK
|b slo
|e AACR2
|
| 041 |
0 |
|
|a cze
|
| 044 |
|
|
|a xo
|c SK
|
| 080 |
|
|
|a 902.2:061.3
|2 1997
|
| 100 |
1 |
|
|a Stránský, Karel
|4 aut
|
| 245 |
1 |
0 |
|a 24. seminář Archeologia technica
|c Karel Stránský
|
| 246 |
3 |
|
|a Dvadsátyčtvrtý seminář Archeologia technica
|
| 611 |
2 |
4 |
|a Archeologia technica
|x seminár odborný
|n (24. :
|c Brno-Králové Pole, Česko
|d 2005)
|
| 773 |
0 |
|
|t Slévárenství
|x 0037-6825
|g Roč. 53, č. 5-6 (2005), s. 284
|
| 974 |
|
|
|a MI
|
| 992 |
|
|
|a RBX
|
| BAS |
|
|
|
| 852 |
|
|
|a SVKKK
|b BIB
|
| 998 |
|
|
|a HUT
|